000 00742nai a2200193Ia 4500
003 IN-BaIIA
008 211028c9999 xx s 000 0 eng d
022 _a2168-0639 (Print)
022 _a2168-0647 (Online)
040 _cIIA Library
245 0 _aTransactions of the IRE Professional Group on Antennas and Propagation
_h[eJournal]
260 _aNew York, USA
_bThe Institute of Electrical and Electronics Engineers, Inc. (IEEE)
310 _aQuarterly
362 _a1(1); 1952 - 3(1); 1955
521 _bSubscribed through National Knowledge Resource Consortium (NKRC)
650 _aFields, Waves and Electromagnetics
856 _uhttps://ieeexplore.ieee.org/servlet/opac?punumber=8236
_yClick Here to Access eJournal
942 _cEJ
999 _c35819
_d35819